00529nam a2200145Ia 4500082001200000100002800012245010500040260003700145300002100182650001500203650005600218650003900274650001400313650005600327 aTG.0299 aGrewal, Dalvindar Singh 0aAka, Miji and their kindred in Arunachal Pradesh: an enquiry into the determinants of their identity c1993bUniversity of North Bengal a363p. + C D - 34 aMIJIS, THE aTRIBES AND TRIBALS - ARUNACHAL PRADESH///MIJIS, THE aGROUP IDENTITY - ARUNACHAL PRADESH aAKAS, THE aTRIBES AND TRIBALS - ARUNACHAL PRADESH///AKAS, THE